Statistics for Largest Cities in Canada by Population

Click here to take the quiz!

General Stats

  • This quiz has been taken 20 times
  • The average score is 23 of 54

Answer Stats

Population City Name % Correct
932 546Edmonton
100%
631 486Vancouver
100%
1 239 220Calgary
100%
1 704 694Montréal
100%
2 731 571Toronto
100%
934 243Ottawa
94%
215 106Regina
88%
403 131Halifax
88%
705 244Winnipeg
88%
108 860St. John's
82%
531 902Québec
82%
246 376Saskatoon
76%
217 188Windsor
76%
536 917Hamilton
76%
383 822London
71%
107 909Thunder Bay
59%
721 599Mississauga
47%
161 531Sudbury
47%
198 309Richmond
41%
161 323Sherbrooke
41%
422 993Laval
41%
517 887Surrey
35%
276 245Gatineau
35%
233 222Kitchener
35%
159 458Oshawa
35%
134 413Trois-Rivières
29%
131 794Guelph
29%
593 638Brampton
29%
127 380Kelowna
29%
123 798Kingston
24%
193 832Oakville
24%
183 314Burlington
24%
195 022Richmond Hill
24%
232 755Burnaby
24%
306 233Vaughan
24%
328 966Markham
24%
119 677Ajax
18%
102 238Delta
18%
117 285Langley
18%
104 986Waterloo
18%
239 700Longueuil
18%
141 397Abbotsford
18%
129 920Cambridge
18%
133 113St. Catharines
18%
100 418Red Deer
12%
141 434Barrie
12%
101 647Chatham-Kent
12%
139 284Coquitlam
12%
110 128Milton
12%
145 949Saguenay
12%
114 148Saanich
6%
143 414Lévis
6%
111 575Terrebonne
6%
128 377Whitby
6%

Score Distribution

Percentile by Number Answered

Percent of People with Each Score

Your Score History

You have not taken this quiz